000 00415nam a2200169Ia 4500
008 170705s9999 xx 000 0 und d
020 _a9780439203784
245 _aFranklin's baby sitter /
245 _cPaulette Bourheois and Brenda Clark.
260 _aNew York :
260 _bScholastic,
260 _c2000
300 _aunpaged :
300 _bcolor illustration ;
300 _c23cm.
500 _a240
999 _c335632
_d335632